000 00549nam a2200193Ia 4500
005 20250923144616.0
008 008 250917s9999 xx 000 0 eng d
037 _aTextual
040 _aDSWL
_beng
_cDSWL
041 _aeng
_2eng
084 _aY133p4:N56, J7
_qDSWL
245 0 _aUrbanization in Asia and the far east
_cEd. by Philip M Hauser
260 _aCalcutta
_b Uneco, Research Centre
_c1957
300 _a286p.
365 _aINR
_b7.6
925 _g7.6
942 _cTEXL
_hY133p4:N56, J7
999 _c1441113
_d1441113